| 000 | 00766nam a2200241 4500 | ||
|---|---|---|---|
| 003 | OSt | ||
| 005 | 20260530115301.0 | ||
| 008 | 260420b2009 xxua|||| |||| 00| 0 eng d | ||
| 020 | _a9781594202339 | ||
| 040 |
_aICI _bspa _cICI |
||
| 050 |
_aNK1520 _bB47 |
||
| 100 | 1 |
_aBerger, Warren _931204 |
|
| 245 | 1 | 0 |
_aGlimmer _bhow design can transform your life, and maybe even the world _cWarren Berger |
| 246 | 3 | 0 | _aHow design can transform your life, and maybe even the world |
| 264 | 1 |
_bPenguin _c2009 _a New York |
|
| 300 |
_a342 páginas _bilustraciones |
||
| 336 |
_atexto _2rdacontent |
||
| 337 |
_asin medio _2rdamedia |
||
| 338 |
_avolumen _2rdacarrier |
||
| 650 | 0 |
_aDiseño _xAspectos sociales |
|
| 650 | 0 |
_aDiseñadores _xPsicología _931206 |
|
| 942 |
_2ddc _cBK |
||
| 999 |
_c12848 _d12848 |
||